|
|
|
|
| LEADER |
00000cam a2200000 4500 |
| 001 |
vtls012255377 |
| 003 |
SK-MaSNL |
| 005 |
20260301121817.0 |
| 008 |
240425s2020 xr af b 010 j cze |
| 015 |
|
|
|a SNBZSA2025/12
|
| 020 |
|
|
|a 9788027503513
|q (viazané)
|
| 040 |
|
|
|a SNK
|b slo
|c SNK
|e rda
|
| 041 |
0 |
|
|a cze
|
| 044 |
|
|
|a xr
|c CZ
|
| 072 |
|
7 |
|a 821.162.3
|x Česká literatúra
|2 konspekt
|
| 072 |
|
7 |
|a 821-93
|x Literatúra pre deti a mládež (beletria)
|2 konspekt
|
| 080 |
|
|
|a 821.162.3-32
|2 2011
|
| 080 |
|
|
|a 82-93-053.4/.5
|2 2011
|
| 100 |
1 |
|
|a Dvořáková, Petra,
|d 1977-
|4 aut
|9 342209
|
| 245 |
1 |
0 |
|a Julie mezi slovy
|c Petra Dvořáková ; ilustrovala Katarina Gasko
|
| 250 |
|
|
|a Druhé, rozšířené vydání
|
| 264 |
|
1 |
|a Brno
|b Host
|c 2020
|
| 300 |
|
|
|a 183 strán
|b ilustrácie, ilustrované listy
|c 24 cm
|
| 336 |
|
|
|a text
|b txt
|2 rdacontent
|
| 337 |
|
|
|a bez média
|b n
|2 rdamedia
|
| 338 |
|
|
|a zväzok
|b nc
|2 rdacarrier
|
| 500 |
|
|
|a Na zadnej strane obálky: Zlatá stuha
|
| 521 |
8 |
|
|a Pre čitateľov od 8 rokov
|
| 655 |
|
7 |
|a české príbehy
|2 SNKPH
|9 70773
|
| 655 |
|
7 |
|a literatúra pre deti
|2 SNKPH
|9 87135
|
| 655 |
|
7 |
|a Czech stories
|2 SNKPHeng
|9 319629
|
| 655 |
|
7 |
|a Children's literature
|2 SNKPHeng
|9 276039
|
| 700 |
1 |
|
|a Gasko, Katarína,
|d 1980-
|4 ill
|9 158262
|
| 852 |
|
|
|a Slovenská národná knižnica
|
| 919 |
|
|
|a 978-80-275-0351-3
|
| 954 |
|
|
|a beletria cudzojazyčná (svetová)
|2 lita
|
| 958 |
|
|
|a ZS
|
| 958 |
|
|
|a LX
|
| 958 |
|
|
|a DB
|
| 958 |
|
|
|a CZ
|
| 999 |
|
|
|c 730694
|d 732624
|
| 952 |
|
|
|a SNK
|b SNK
|y PREZ
|7 0
|p 17A1575413
|o snkSC 211877
|i snk2025/12711
|8 4
|g 12.67
|0 0
|1 0
|4 0
|d 2024-04-25
|f 1
|l 0
|r 2026-02-23 22:27:53
|w 2026-02-23
|